| Tag |
First Indicator |
Second Indicator |
Subfields |
| LEADER |
00000cam a2200000 4500 |
| 001 |
in00001007446 |
| 005 |
20150927222205.0 |
| 008 |
750401s1969 xx 00010 fre d |
| 035 |
|
|
|a (OCoLC)01246617
|
| 035 |
|
|
|9 AFD9413AM
|
| 040 |
|
|
|a SNN
|c SNN
|d m.c.
|d TXA
|d UtOrBLW
|
| 041 |
1 |
|
|a fre
|a eng
|
| 049 |
|
|
|a TXAM
|
| 090 |
|
|
|a PN45
|b .F714 1969
|
| 100 |
1 |
|
|a Frye, Northrop.
|
| 245 |
1 |
0 |
|a Pouvoirs de l'imagination :
|b essai /
|c Northrop Frye, traduit de l'anglais par Jean Simard.
|
| 264 |
|
1 |
|a Montréal :
|b Éditions HMH,
|c 1969.
|
| 300 |
|
|
|a 168 pages ;
|c 21 cm.
|
| 336 |
|
|
|a text
|b txt
|2 rdacontent
|
| 337 |
|
|
|a unmediated
|b n
|2 rdamedia
|
| 338 |
|
|
|a volume
|b nc
|2 rdacarrier
|
| 490 |
0 |
|
|a Collection Constantes, 22
|
| 500 |
|
|
|a Translation of The educated imagination.
|
| 650 |
|
0 |
|a Literature.
|
| 650 |
|
0 |
|a Literature
|x Study and teaching.
|
| 999 |
|
|
|a MARS
|
| 999 |
f |
f |
|s cc5bfa04-de0e-36f8-8136-0c091529407b
|i 007af2ff-0c7f-3016-b5dd-75a8ed65e486
|t 0
|
| 952 |
f |
f |
|p ric
|a Texas A&M University
|b Rellis Campus
|c Joint Library Facility
|d Remote Storage
|t 0
|e PN45 .F714 1969
|h Library of Congress classification
|i unmediated -- volume
|m A14814343598
|
| 998 |
f |
f |
|a PN45 .F714 1969
|t 0
|l Remote Storage
|